[Event "Quebec-ch qual. 1"]
[Site "Montreal CAN"]
[Date "1987.02.21"]
[Round "2"]
[White "Lesiege, Alexandre"]
[Black "Bolduc, Steve"]
[Result "0-1"]
[WhiteElo "1916"]
[BlackElo "2100"]
[WhiteFideId "-1"]
[WhiteFideId "-1"]
[PlyCount "116"]
[GameId "2160767912650112"]
[EventDate "1987.02.20"]
[EventType "swiss"]
[EventRounds "5"]
[EventCountry "CAN"]
[SourceTitle "hb 2011"]

1. e4 c6 2. d4 d5 3. Nc3 dxe4 4. Nxe4 Nd7 5. Nf3 Ngf6 6. Nxf6+ Nxf6 7. Bf4 g6 8. h3 Bg7 9. Bc4 O-O 10. O-O Nd5 11. Bh2 a5 12. a4 Bf5 13. c3 Bh6 14. Re1 Ra7 15. Ne5 Be6 16. Ng4 Bf4 17. Bxf4 Nxf4 18. Bxe6 Nxe6 19. Re5 Qd6 20. Qb3 Nf4 21. Qb6 Rfa8 22. Qb3 Kg7 23. Rae1 b5 24. R1e3 f6 25. R5e4 bxa4 26. Qxa4 Rb8 27. Ne5 fxe5 28. dxe5 Qe6 29. Rxf4 Rxb2 30. Ref3 Rb1+ 31. Kh2 Qxe5 32. Qa2 Rb8 33. g3 e6 34. Re3 Qd5 35. c4 Qd6 36. c5 Qd5 37. Qa1+ Kg8 38. Qf6 Re8 39. Ref3 e5 40. Rg4 Rf7 41. Qxf7+ Qxf7 42. Rxf7 Kxf7 43. Rh4 Rh8 44. Kg2 Ke6 45. Ra4 Ra8 46. Kf3 Kd5 47. g4 Kxc5 48. Ke4 Kd6 49. f3 Ke6 50. Rc4 Kd6 51. Ra4 Ra7 52. h4 Ra8 53. f4 exf4 54. Kxf4 Kd5 55. Kg5 c5 56. Kh6 Ra7 57. h5 gxh5 58. gxh5 c4 0-1

[Event "Specialiste-Tch2"]
[Site "Montreal CAN"]
[Date "1986.10.02"]
[Round "3"]
[White "Lesiege, Alexandre"]
[Black "Beaudry, Marc-Andre"]
[Result "1/2-1/2"]
[WhiteElo "1798"]
[BlackElo "1886"]
[WhiteFideId "-1"]
[WhiteFideId "-1"]
[PlyCount "46"]
[GameId "2160767912650855"]
[EventDate "1986.09.18"]
[EventType "team"]
[EventRounds "5"]
[EventCountry "CAN"]
[SourceTitle "mab"]

1. e4 c5 2. Nf3 d6 3. d4 cxd4 4. Nxd4 Nf6 5. Nc3 a6 6. Be2 e6 7. O-O Be7 8. f4 O-O 9. Be3 Nc6 10. Bf3 Qc7 11. Qe2 Nxd4 12. Bxd4 e5 13. Be3 exf4 14. Bxf4 Be6 15. Rfe1 Nd7 16. Kh1 Bf6 17. Rad1 Ne5 18. Nd5 Bxd5 19. Rxd5 Rac8 20. c3 Rfd8 21. Red1 Qb6 22. Be3 Qc7 23. Rf1 Qc4 1/2-1/2

[Event "Quebec-ch reserve"]
[Site "Montreal CAN"]
[Date "1986.06.16"]
[Round "1"]
[White "Martinez, Jean-Francois"]
[Black "Lesiege, Alexandre"]
[Result "0-1"]
[WhiteElo "1927"]
[BlackElo "1713"]
[WhiteFideId "-1"]
[WhiteFideId "-1"]
[PlyCount "120"]
[GameId "2160767912651384"]
[EventDate "1986.06.16"]
[EventType "tourn"]
[EventRounds "7"]
[EventCountry "CAN"]

1. e4 c5 2. Nf3 d6 3. d4 cxd4 4. Nxd4 Nf6 5. Nc3 g6 6. Bc4 Bg7 7. Be3 O-O 8. O-O Nc6 9. h3 Bd7 10. Qd2 Rc8 11. Bb3 Nxd4 12. Bxd4 Bc6 13. Qe3 a6 14. Rad1 Nd7 15. Bxg7 Kxg7 16. f4 Qb6 17. Qd4+ Qxd4+ 18. Rxd4 Nc5 19. Bd5 f5 20. exf5 Rxf5 21. g4 Rff8 22. Re1 Rc7 23. Bxc6 bxc6 24. b4 Nb7 25. Rc4 Rfc8 26. Na4 d5 27. Rc3 Kf7 28. Nb6 Rd8 29. Re5 e6 30. Na4 c5 31. bxc5 Rdc8 32. f5 gxf5 33. gxf5 exf5 34. Rxd5 Ke6 35. Rd4 Nxc5 36. Nb6 Ne4 37. Rxc7 Rxc7 38. Nc4 Rg7+ 39. Kh2 Rd7 40. Rxd7 Kxd7 41. Kg2 Ke6 42. Kf3 Kd5 43. Nb6+ Kc6 44. Nc4 Kd5 45. Ne3+ Ke5 46. h4 Nc3 47. a3 Nb5 48. a4 Nd4+ 49. Kf2 f4 50. Nc4+ Kd5 51. Nb6+ Kc6 52. Nc4 Kc5 53. Nb2 Kb4 54. h5 Ne6 55. Kf3 Ka3 56. Nd3 Kxa4 57. Ke4 Kb5 58. Ke5 a5 59. Ke4 a4 60. Nxf4 a3 0-1

[Event "Quebec-ch reserve"]
[Site "Montreal CAN"]
[Date "1986.06.17"]
[Round "2"]
[White "Gagnon, Michel"]
[Black "Lesiege, Alexandre"]
[Result "1-0"]
[WhiteElo "2080"]
[BlackElo "1713"]
[WhiteFideId "-1"]
[WhiteFideId "-1"]
[PlyCount "131"]
[GameId "2160767912651387"]
[EventDate "1986.06.16"]
[EventType "tourn"]
[EventRounds "7"]
[EventCountry "CAN"]

1. e4 c5 2. Nf3 d6 3. d4 cxd4 4. Nxd4 Nf6 5. Nc3 g6 6. Bc4 Bg7 7. Bb3 Nc6 8. Be3 O-O 9. f3 Bd7 10. Qd2 Rc8 11. O-O-O Ne5 12. h4 Nc4 13. Bxc4 Rxc4 14. Kb1 Re8 15. Nde2 Qa5 16. h5 Rec8 17. hxg6 fxg6 18. Bd4 Be6 19. g4 b5 20. g5 b4 21. gxf6 Rxc3 22. Nc1 Rxc2 23. Qxc2 Rxc2 24. Kxc2 Bxf6 25. Bxf6 exf6 26. Kb1 Qe5 27. Nd3 Qg3 28. Nxb4 Qxf3 29. Rhe1 h5 30. Rxd6 h4 31. Rxe6 h3 32. Rd6 h2 33. Rdd1 g5 34. Nd5 g4 35. Ne7+ Kf7 36. Nf5 g3 37. Nxg3 Qxg3 38. a3 Qg2 39. Ka1 a6 40. Ka2 Kg7 41. Kb3 Kf7 42. Kc3 Qf3+ 43. Kb4 h1=Q 44. Rxh1 Qxe4+ 45. Kb3 Qe6+ 46. Kc2 Qe4+ 47. Kc1 Qc4+ 48. Kb1 Ke6 49. Ka1 Kf7 50. Rhf1 Kg6 51. Rf2 Kf7 52. Rdf1 Ke7 53. Rxf6 Kd7 54. R6f3 Kd6 55. Rd1+ Ke6 56. Re3+ Kf5 57. Rc3 Qb5 58. Rdc1 Ke6 59. Rc5 Qd3 60. Re1+ Kf6 61. Rc3 Qd5 62. Rce3 a5 63. Rf1+ Kg6 64. Rg3+ Kh6 65. Rfg1 Qe4 66. Rh3+ 1-0

[Event "Quebec-ch reserve"]
[Site "Montreal CAN"]
[Date "1986.06.18"]
[Round "3"]
[White "Lesiege, Alexandre"]
[Black "Morin, Yves"]
[Result "0-1"]
[WhiteElo "1713"]
[BlackElo "2183"]
[WhiteFideId "-1"]
[WhiteFideId "-1"]
[PlyCount "80"]
[GameId "2160767912651392"]
[EventDate "1986.06.16"]
[EventType "tourn"]
[EventRounds "7"]
[EventCountry "CAN"]

1. e4 e6 2. d4 d5 3. Nd2 Nc6 4. c3 e5 5. exd5 Qxd5 6. Nb3 exd4 7. Nxd4 Nxd4 8. Qxd4 Qxd4 9. cxd4 Be6 10. Bd2 O-O-O 11. Nf3 Nf6 12. Be2 Bg4 13. Be3 Bb4+ 14. Nd2 Rhe8 15. h3 Bxe2 16. Kxe2 Rxd4 17. Nb3 Rd7 18. Rad1 Nd5 19. Kf3 Nxe3 20. fxe3 Rxd1 21. Rxd1 Rd8 22. Rd4 Rxd4 23. Nxd4 Kd7 24. Ke4 Be7 25. b3 Bf6 26. Nc2 Ke6 27. Nb4 Be7 28. Nc2 c5 29. Kd3 b5 30. a4 a6 31. axb5 axb5 32. Ke2 Kd5 33. Na3 c4 34. bxc4+ bxc4 35. Nc2 Bc5 36. Kf3 c3 37. Ke2 Ke4 38. Kf2 Kd3 39. Ne1+ Kd2 40. Nf3+ Kd1 0-1

[Event "Quebec-ch reserve"]
[Site "Montreal CAN"]
[Date "1986.06.21"]
[Round "4"]
[White "Lesiege, Alexandre"]
[Black "Beauchamp, Jean-Pierre"]
[Result "0-1"]
[WhiteElo "1713"]
[BlackElo "2101"]
[WhiteFideId "-1"]
[WhiteFideId "-1"]
[PlyCount "50"]
[GameId "2160767912651395"]
[EventDate "1986.06.16"]
[EventType "tourn"]
[EventRounds "7"]
[EventCountry "CAN"]

1. e4 c5 2. Nf3 Nc6 3. d4 cxd4 4. Nxd4 Nf6 5. Nc3 e5 6. Nb3 d6 7. Bc4 a6 8. a4 Be6 9. Bxe6 fxe6 10. O-O Be7 11. Bg5 O-O 12. Qd2 Nh5 13. Bxe7 Qxe7 14. Rad1 Rad8 15. Qe3 Nf4 16. g3 Ng6 17. Rd2 Qc7 18. Rfd1 Rf7 19. Qe2 Nb4 20. Qg4 Rf6 21. Qe2 Ne7 22. Re1 Nc8 23. Nc1 Rdf8 24. Qe3 Nb6 25. b3 Rf3 0-1

[Event "Quebec-ch reserve"]
[Site "Montreal CAN"]
[Date "1986.06.25"]
[Round "6"]
[White "Lesiege, Alexandre"]
[Black "Zalys, Ignas"]
[Result "1-0"]
[WhiteElo "1710"]
[BlackElo "2025"]
[WhiteFideId "-1"]
[WhiteFideId "-1"]
[PlyCount "71"]
[GameId "2160767912651404"]
[EventDate "1986.06.16"]
[EventType "tourn"]
[EventRounds "7"]
[EventCountry "CAN"]

1. e4 c5 2. Nf3 a6 3. d4 cxd4 4. Nxd4 Nf6 5. Nc3 e5 6. Nb3 Bb4 7. Bc4 Qc7 8. Qd3 b5 9. Bd5 Nxd5 10. exd5 d6 11. O-O f5 12. Bd2 Bd7 13. a3 Bxc3 14. Bxc3 a5 15. f4 O-O 16. fxe5 dxe5 17. Rae1 Qb6+ 18. Kh1 a4 19. Nd2 e4 20. Qg3 Qh6 21. Bb4 Rc8 22. Rf2 Na6 23. Be7 Nc5 24. Nf1 Qg6 25. Qe5 Re8 26. d6 e3 27. Nxe3 Ne4 28. Rf4 Ra6 29. Rd1 Kh8 30. Nxf5 Bxf5 31. Rxf5 Nxd6 32. Rxd6 Rxd6 33. Bxd6 h6 34. Rf8+ Rxf8 35. Bxf8 Qf7 36. Qxg7+ 1-0

[Event "Quebec-ch reserve"]
[Site "Montreal CAN"]
[Date "1986.06.26"]
[Round "7"]
[White "Fraser, Michel"]
[Black "Lesiege, Alexandre"]
[Result "1/2-1/2"]
[WhiteElo "2050"]
[BlackElo "1713"]
[WhiteFideId "-1"]
[WhiteFideId "-1"]
[PlyCount "81"]
[GameId "2160767912651407"]
[EventDate "1986.06.16"]
[EventType "tourn"]
[EventRounds "7"]
[EventCountry "CAN"]

1. d4 Nf6 2. Nf3 g6 3. Bf4 d6 4. h3 Bg7 5. e3 O-O 6. Bc4 c5 7. c3 d5 8. Bd3 c4 9. Bc2 Nc6 10. b3 b5 11. O-O Nh5 12. Bh2 f5 13. Be5 Nxe5 14. dxe5 f4 15. e4 Bb7 16. Qe2 Qb6 17. Kh1 Rfd8 18. Nbd2 dxe4 19. Nxe4 Rac8 20. Rad1 Rxd1 21. Rxd1 Bxe4 22. Qxe4 Qxf2 23. Qd5+ Kh8 24. Ng5 Ng3+ 25. Kh2 Nf1+ 26. Rxf1 Qg3+ 27. Kh1 Qxg5 28. Re1 cxb3 29. Bxb3 Qg3 30. Rf1 f3 31. Qxf3 Qxf3 32. gxf3 Bxe5 33. Rd1 Rxc3 34. Rd5 Bd6 35. Kg2 a6 36. h4 Rc5 37. Rxc5 Bxc5 38. Be6 Kg7 39. f4 Kf6 40. Bc8 a5 41. Kf3 1/2-1/2

[Event "Quebec-ch qual. 1"]
[Site "Montreal CAN"]
[Date "1986.04.04"]
[Round "1"]
[White "Zalys, Ignas"]
[Black "Lesiege, Alexandre"]
[Result "1-0"]
[WhiteElo "2015"]
[BlackElo "1505"]
[WhiteFideId "-1"]
[WhiteFideId "-1"]
[PlyCount "84"]
[GameId "2160767912717157"]
[EventDate "1986.04.04"]
[EventType "swiss"]
[EventRounds "5"]
[EventCountry "CAN"]

1. e4 e5 2. Nf3 Nc6 3. Bb5 a6 4. Ba4 Nf6 5. d3 b5 6. Bb3 Bc5 7. c3 d6 8. Be3 Bg4 9. Nbd2 Qd7 10. h3 Bh5 11. g4 Bg6 12. Nf1 Rd8 13. Qe2 h6 14. Ng3 Bxe3 15. Qxe3 Qe7 16. Nh4 d5 17. Nhf5 Qf8 18. exd5 Nxd5 19. Bxd5 Rxd5 20. O-O-O Bxf5 21. Nxf5 g6 22. Qe4 Qc5 23. Ne3 Rd4 24. Qf3 O-O 25. Kb1 Rf4 26. Qe2 Rd8 27. Rc1 Qd6 28. Rhd1 Qf6 29. Rc2 Rf3 30. Rh1 Na5 31. h4 Qf4 32. Rd2 Nb7 33. h5 Nc5 34. g5 hxg5 35. hxg6 fxg6 36. Rg1 e4 37. dxe4 Rxd2 38. Qxd2 Qxe4+ 39. Ka1 Nd3 40. Ng4 Qf4 41. Qe2 Qf8 42. Qe4 Nxf2 1-0

[Event "Quebec-ch qual. 1"]
[Site "Montreal CAN"]
[Date "1986.04.05"]
[Round "3"]
[White "Wilkin, Alain"]
[Black "Lesiege, Alexandre"]
[Result "1-0"]
[WhiteElo "1845"]
[BlackElo "1505"]
[WhiteFideId "-1"]
[WhiteFideId "-1"]
[PlyCount "45"]
[GameId "2160767912717159"]
[EventDate "1986.04.04"]
[EventType "swiss"]
[EventRounds "5"]
[EventCountry "CAN"]
[SourceTitle "Bulletin Mauricie 1986"]

1. e4 e5 2. Nf3 Nc6 3. d4 exd4 4. c3 dxc3 5. Bc4 Nf6 6. Nxc3 Bb4 7. O-O d6 8. Nd5 Nxd5 9. exd5 Ne7 10. Qa4+ Bd7 11. Qxb4 a5 12. Qd2 b5 13. Bd3 O-O 14. Bc2 b4 15. Re1 Rb8 16. Qg5 f6 17. Qh4 h6 18. Nd4 a4 19. Qe4 Re8 20. Qh7+ Kf8 21. Bxh6 gxh6 22. Ne6+ Bxe6 23. dxe6 1-0

[Event "Mousse"]
[Site "Longueuil CAN"]
[Date "1986.01.19"]
[Round "1"]
[White "Lesiege, Alexandre"]
[Black "Charest, Johanne"]
[Result "1-0"]
[WhiteElo "1375"]
[BlackElo "1100"]
[WhiteFideId "-1"]
[WhiteFideId "-1"]
[PlyCount "105"]
[GameId "2160767912717275"]
[EventDate "1986.01.19"]
[EventType "swiss"]
[EventRounds "5"]
[EventCountry "CAN"]

1. e4 e5 2. Nf3 Nc6 3. Bc4 Bc5 4. d3 Nf6 5. Bg5 O-O 6. Nc3 d6 7. Nd5 Bg4 8. Nxf6+ gxf6 9. Bh6 Re8 10. Qd2 Kh8 11. Bxf7 Qe7 12. Bxe8 Rxe8 13. O-O-O Nd4 14. Nxd4 Bxd1 15. Nf5 Qe6 16. Qxd1 Rg8 17. g3 d5 18. Kb1 Qb6 19. Ka1 Rg6 20. Be3 Bxe3 21. Nxe3 dxe4 22. dxe4 Rg8 23. Qd2 Qc6 24. f3 Qe8 25. Rd1 Qb8 26. Qd7 Rg7 27. Qd8+ Qxd8 28. Rxd8+ Rg8 29. Rxg8+ Kxg8 30. Nd5 c6 31. Nxf6+ Kf8 32. Nxh7+ Kg8 33. Nf6+ Kf8 34. Nd7+ Kg8 35. Nxe5 Kg7 36. f4 c5 37. g4 Kh6 38. h4 b5 39. f5 Kg7 40. g5 Kh7 41. h5 c4 42. Nxc4 bxc4 43. e5 Kg7 44. f6+ Kf7 45. g6+ Ke6 46. g7 Kf7 47. h6 Kg8 48. e6 Kh7 49. f7 Kg6 50. g8=Q+ Kf5 51. e7 Ke4 52. e8=Q+ Kd5 53. f8=Q+ 1-0

[Event "Quebec-ch U16"]
[Site "Montreal CAN"]
[Date "1986.01.18"]
[Round "1"]
[White "Charest, Johanne"]
[Black "Lesiege, Alexandre"]
[Result "0-1"]
[WhiteElo "1100"]
[BlackElo "1373"]
[WhiteFideId "-1"]
[WhiteFideId "-1"]
[PlyCount "80"]
[GameId "2160767912717281"]
[EventDate "1986.01.18"]
[EventType "tourn"]
[EventRounds "5"]
[EventCountry "CAN"]

1. e4 e5 2. Bc4 Bc5 3. Nf3 Nc6 4. d3 Nf6 5. O-O h6 6. Nc3 d6 7. h3 Be6 8. Bxe6 fxe6 9. Nh4 Ne7 10. Na4 Bb6 11. Be3 Qd7 12. Nxb6 axb6 13. Qf3 Rf8 14. Rfd1 g5 15. d4 gxh4 16. Bxh6 Rf7 17. dxe5 Nfg8 18. Qh5 Nxh6 19. Qxh6 Nc6 20. Qh8+ Rf8 21. Qh5+ Rf7 22. Qh8+ Rf8 23. Qh5+ Kd8 24. Qxh4+ Qe7 25. Qf4 Rxf4 26. exd6 cxd6 27. Rd2 Rxe4 28. Rad1 Kc7 29. a3 Ne5 30. f3 Re3 31. b3 Qh4 32. Rxd6 Re1+ 33. Rxe1 Qxe1+ 34. Kh2 Nxf3+ 35. gxf3 Qf2+ 36. Kh1 Qxf3+ 37. Kh2 Rg8 38. Rd2 Qf4+ 39. Kh1 Qf1+ 40. Kh2 Qg1# 0-1

[Event "Chomedy op"]
[Site "Laval CAN"]
[Date "1985.??.??"]
[Round "3"]
[White "Blain, Jean"]
[Black "Lesiege, Alexandre"]
[Result "1-0"]
[WhiteElo "1351"]
[BlackElo "1319"]
[WhiteFideId "-1"]
[WhiteFideId "-1"]
[PlyCount "67"]
[GameId "2160767912714454"]
[EventDate "1985.??.??"]
[EventType "swiss"]
[EventRounds "5"]
[EventCountry "CAN"]
[SourceTitle "Echec+ 1998.07"]

1. e4 e5 2. Nf3 Nc6 3. d4 exd4 4. Bc4 Bb4+ 5. c3 dxc3 6. O-O Nge7 7. Ng5 O-O 8. Qh5 h6 9. Nxf7 Rxf7 10. Qxf7+ Kh8 11. Qh5 Ng8 12. a3 Be7 13. Nxc3 d6 14. Nd5 Ne5 15. Qe2 Be6 16. Ba2 Bf6 17. Ne3 Bd7 18. f4 Nc6 19. f5 Be5 20. Ng4 Nf6 21. Bf4 Bxb2 22. Qxb2 Nxg4 23. Qxb7 Rb8 24. Qa6 Nf6 25. Rae1 Rb6 26. Qd3 Nb8 27. Rf3 Bc6 28. Rh3 Qe7 29. Bxh6 gxh6 30. Rxh6+ Kg7 31. Qg3+ Ng4 32. Qxg4+ Qg5 33. Rg6+ Kf8 34. Qxg5 1-0

[Event "Capablanca mem. op"]
[Site "Havana CUB"]
[Date "2025.05.10"]
[Round "1.1"]
[White "Forgas Moreno, Y."]
[Black "Lesiege, Alexandre"]
[Result "0-1"]
[WhiteElo "2138"]
[BlackElo "2500"]
[WhiteFideId "-1"]
[WhiteFideId "-1"]
[PlyCount "72"]
[GameId "2176783722785726"]
[EventDate "2025.05.10"]
[EventType "swiss"]
[EventRounds "9"]
[EventCountry "CUB"]
[SourceTitle "The Week in Chess 1592"]
[Source "Mark Crowther"]
[SourceDate "2025.05.12"]
[SourceVersion "1"]
[SourceVersionDate "2025.05.12"]
[SourceQuality "2"]

1. e4 e5 2. Nf3 Nc6 3. Bc4 Bc5 4. c3 Nf6 5. d3 d6 6. O-O a6 7. a4 Ba7 8. Be3 O-O 9. h3 Ne7 10. Nbd2 Ng6 11. Re1 Bxe3 12. fxe3 c6 13. Bb3 Re8 14. a5 d5 15. exd5 cxd5 16. e4 Be6 17. exd5 Bxd5 18. Nc4 Qc7 19. Ba4 Re7 20. Nb6 Rd8 21. Nxd5 Rxd5 22. Qc2 Qxa5 23. d4 exd4 24. cxd4 Rxe1+ 25. Rxe1 Nh4 26. Qc3 Nxf3+ 27. gxf3 Qd8 28. Rd1 Nh5 29. Qe3 g6 30. Bb3 Rg5+ 31. Kf2 Rb5 32. d5 Qh4+ 33. Ke2 Nf4+ 34. Kd2 Nxd5 35. Qe8+ Kg7 36. Kc2 Qf2+ 0-1

[Event "Capablanca mem. op"]
[Site "Havana CUB"]
[Date "2025.05.11"]
[Round "2.1"]
[White "Lesiege, Alexandre"]
[Black "Pomares Diaz, Manuel Alejandro"]
[Result "1-0"]
[WhiteElo "2500"]
[BlackElo "2319"]
[WhiteFideId "-1"]
[WhiteFideId "-1"]
[PlyCount "71"]
[GameId "2179343379473399"]
[EventDate "2025.05.10"]
[EventType "swiss"]
[EventRounds "9"]
[EventCountry "CUB"]
[SourceTitle "The Week in Chess 1593"]
[Source "Mark Crowther"]
[SourceDate "2025.05.19"]
[SourceVersion "1"]
[SourceVersionDate "2025.05.19"]
[SourceQuality "2"]

1. d4 Nf6 2. Nf3 e6 3. g3 d5 4. Bg2 Be7 5. c4 O-O 6. Nc3 dxc4 7. Ne5 Nbd7 8. Nxc4 Nb6 9. Na5 Nbd5 10. Bd2 c5 11. dxc5 Bxc5 12. Na4 Bd6 13. Rc1 Bc7 14. b4 Bxa5 15. bxa5 Re8 16. O-O Bd7 17. Qb3 b6 18. Rfd1 Rc8 19. Rxc8 Qxc8 20. axb6 Bxa4 21. Qxa4 axb6 22. Rc1 Qa8 23. Qb3 h6 24. Rc2 Qb8 25. Bf3 Qe5 26. Bc1 Ne4 27. Bb2 Qf5 28. Qd3 Ndf6 29. Rc6 b5 30. Rb6 Qc5 31. Qd4 Qxd4 32. Bxd4 e5 33. Bb2 Nd2 34. Bc6 Rc8 35. Bxe5 Nfe4 36. Rb8 1-0

[Event "Capablanca mem. op"]
[Site "Havana CUB"]
[Date "2025.05.12"]
[Round "3.1"]
[White "Vivas Zamora, Fabian Ernesto"]
[Black "Lesiege, Alexandre"]
[Result "0-1"]
[WhiteElo "2379"]
[BlackElo "2500"]
[WhiteFideId "-1"]
[WhiteFideId "-1"]
[PlyCount "82"]
[GameId "2179343379493937"]
[EventDate "2025.05.10"]
[EventType "swiss"]
[EventRounds "9"]
[EventCountry "CUB"]
[SourceTitle "The Week in Chess 1593"]
[Source "Mark Crowther"]
[SourceDate "2025.05.19"]
[SourceVersion "1"]
[SourceVersionDate "2025.05.19"]
[SourceQuality "2"]

1. e4 e5 2. Nf3 Nc6 3. Bc4 Nf6 4. d3 Be7 5. O-O O-O 6. Nc3 d6 7. a4 a5 8. Re1 Be6 9. Nd5 Re8 10. c3 h6 11. Qb3 Rb8 12. h3 Bf8 13. Be3 Bxd5 14. exd5 Ne7 15. Nd2 Qc8 16. Rf1 Nf5 17. Rae1 g6 18. Kh2 Bg7 19. g4 Nh4 20. f3 Nh7 21. Bf2 g5 22. Bxh4 gxh4 23. d4 exd4 24. cxd4 Bxd4 25. f4 Rxe1 26. Rxe1 Bf2 27. Rf1 Bg3+ 28. Kg2 Qe8 29. Qd3 Qxa4 30. Bb3 Qb4 31. Bc2 Nf8 32. Ne4 Qxb2 33. g5 Kh8 34. gxh6 Ng6 35. Nc3 Qb4 36. Kh1 Re8 37. Rb1 Qxf4 38. Rf1 Re1 39. Rxe1 Bxe1 40. Qe2 Bxc3 41. Bxg6 fxg6 0-1

[Event "Capablanca mem. op"]
[Site "Havana CUB"]
[Date "2025.05.13"]
[Round "4.1"]
[White "Lesiege, Alexandre"]
[Black "Sambuev, Bator"]
[Result "1-0"]
[WhiteElo "2500"]
[BlackElo "2422"]
[WhiteFideId "-1"]
[WhiteFideId "-1"]
[PlyCount "75"]
[GameId "2179343379514475"]
[EventDate "2025.05.10"]
[EventType "swiss"]
[EventRounds "9"]
[EventCountry "CUB"]
[SourceTitle "The Week in Chess 1593"]
[Source "Mark Crowther"]
[SourceDate "2025.05.19"]
[SourceVersion "1"]
[SourceVersionDate "2025.05.19"]
[SourceQuality "2"]

1. e4 e5 2. Nf3 Nc6 3. Bb5 a6 4. Ba4 Nf6 5. O-O d6 6. Re1 Bd7 7. Nc3 Be7 8. Bxc6 Bxc6 9. d4 exd4 10. Nxd4 Bd7 11. Qf3 O-O 12. Bg5 h6 13. Bh4 Re8 14. e5 dxe5 15. Rxe5 g5 16. Bg3 Bg4 17. Qe3 Bc5 18. Ne4 Nxe4 19. Qxe4 Bxd4 20. Rxe8+ Qxe8 21. Qxd4 Bh5 22. Bxc7 Rc8 23. Ba5 Rc6 24. c4 Re6 25. Bc3 f6 26. h3 Qe7 27. c5 Qe8 28. Kf1 Kg7 29. f3 Rc6 30. Re1 Qf8 31. f4 Bf7 32. Qd7 Qc8 33. Qxc8 Rxc8 34. Re7 Rb8 35. Rd7 Kg6 36. Rd6 Kh7 37. Rxf6 Rf8 38. Kf2 1-0

[Event "Capablanca mem. op"]
[Site "Havana CUB"]
[Date "2025.05.14"]
[Round "5.1"]
[White "Mirzoev, A."]
[Black "Lesiege, Alexandre"]
[Result "1/2-1/2"]
[WhiteElo "2471"]
[BlackElo "2500"]
[WhiteFideId "-1"]
[WhiteFideId "-1"]
[PlyCount "21"]
[GameId "2179343379530916"]
[EventDate "2025.05.10"]
[EventType "swiss"]
[EventRounds "9"]
[EventCountry "CUB"]
[SourceTitle "The Week in Chess 1593"]
[Source "Mark Crowther"]
[SourceDate "2025.05.19"]
[SourceVersion "1"]
[SourceVersionDate "2025.05.19"]
[SourceQuality "2"]

1. d4 d5 2. Nf3 Nf6 3. c4 dxc4 4. e3 e6 5. Bxc4 c5 6. O-O a6 7. dxc5 Bxc5 8. Qxd8+ Kxd8 9. Nbd2 Ke7 10. b3 b6 11. Bb2 1/2-1/2